000
00295 a2200121 4500
082
_a
515.15 TAL
090
_c
39131
_d
39131
100
_a
Talpur,M
245
_a
Calculus and Analytic Geometry
_h
English
260
_a
Lahore
_b
Feroz sons
500
_a
CFT Textbook
942
_a
CAE NUST
_k
515.15 TAL
999
_c
468077
_d
468077